000 00517nam a2200169 i 4500
001 64345
003 ES-MaACL
005 20230906165115.0
007 t|
008 031223s1931 fr ||||1| fre d
100 1 _aFoch, Ferdinand (
_d1851-1929)
_951387
245 1 0 _aMemoires pour servir a l'histoire de la guerre de 1914-1918 /
_cMarechal Foch.
260 _aParis :
_bPlon,
_c1931.
300 _a2 v. ;
_c23 cm.
650 0 4 _aGuerra mundial, 1914-1918-
_vRelatos personales.
_913227
852 _aES-MaACL
_jA-156-57
999 _c64345
_d64345